QUEST Central Library Banner

Studies on current affairs. (Record no. 13299)

MARC details
000 -LEADER
fixed length control field 00414nam a2200133 a 4500
245 00 - TITLE STATEMENT
Title Studies on current affairs.
260 ## - PUBLICATION, DISTRIBUTION, ETC. (IMPRINT)
Place of publication [S.l.] :
Name of publisher Progressive Publishers,
Year of publication 1977.
300 ## - PHYSICAL DESCRIPTION
Number of Pages 1 v. (unpaged)
500 ## - GENERAL NOTE
General note Import.
856 40 - ELECTRONIC LOCATION AND ACCESS
Uniform Resource Identifier http://www.amazon.com/exec/obidos/ASIN/B0000CQREZ/chopaconline-20
Holdings
Withdrawn status Lost status Home library Current library Date acquired Cost, normal purchase price Full call number Accession Number Koha item type
    Central Library, QUEST, Nawabshah Central Library, QUEST, Nawabshah 23/04/2015 100.00 954.7PRO 9545 Books

Copyright © 2018,The QUEST, Nawabshah, Shaheed Benazirabad. All rights reserved
Mr. G. Farooq Channar (Librarian) QUEST, Nawabshah, Sindh, Pakistan 67480.
 Ph#: |   0244-9370381-4 Ext. 2308   Email| lib@quest.edu.pk   Web|  http://www.quest.edu.pk